Normal view
MARC view
- Jhon A Hudson
Entry Personal Name
001 - CONTROL NUMBER
- control field: 46931
003 - CONTROL NUMBER IDENTIFIER
- control field: NUST
005 - DATE AND TIME OF LATEST TRANSACTION
- control field: 20210314133647.0
008 - FIXED-LENGTH DATA ELEMENTS
- fixed length control field: 210314|| aca||aabn | a|a d
040 ## - CATALOGING SOURCE
- Original cataloging agency: NUST
- Transcribing agency: NUST
100 ## - HEADING--PERSONAL NAME
- Personal name: Jhon A Hudson
670 ## - SOURCE DATA FOUND
- Source citation: Work cat.: (NUST): Jhon A Hudson, Comprehensive rock engineering :, 1993.
